ბათუმის შოთა რუსთაველის სახელმწიფო უნივერსიტეტის ბიბლიოთეკა

ზიგმუნდ ფროიდი=Sigmund Freud. (ბიბ.ჩანაწერი № 51340)

000 -LEADER
fixed length control field 01049nam a2200265Ia 4500
001 - CONTROL NUMBER
control field 18309
003 - CONTROL NUMBER IDENTIFIER
control field GE_BSU
008 - FIXED-LENGTH DATA ELEMENTS--GENERAL INFORMATION
fixed length control field 181216s||||||||xx |||||||||||||| ||und||
020 ## - INTERNATIONAL STANDARD BOOK NUMBER
International Standard Book Number 9789941902864
040 ## - CATALOGING SOURCE
Transcribing agency GE_BSU
080 ## - UNIVERSAL DECIMAL CLASSIFICATION NUMBER
Universal Decimal Classification number 159.9(430)(092ფროიდი)
100 ## - MAIN ENTRY--PERSONAL NAME
Personal name ლომანი,ჰანს-მარტინ
245 ## - TITLE STATEMENT
Title ზიგმუნდ ფროიდი=Sigmund Freud.
245 ## - TITLE STATEMENT
Remainder of title ილუსტრირებული ბიოგრაფია 3
245 ## - TITLE STATEMENT
Statement of responsibility, etc. გამომც.ლაშა ბაქრაძე. მთავარი რედ. ლ. ბაქრაძე. მთარგმნ. მ. ასათიანი
260 ## - PUBLICATION, DISTRIBUTION, ETC.
Place of publication, distribution, etc. თბილისი
260 ## - PUBLICATION, DISTRIBUTION, ETC.
Name of publisher, distributor, etc. პეგასი
260 ## - PUBLICATION, DISTRIBUTION, ETC.
Date of publication, distribution, etc. 2008
300 ## - PHYSICAL DESCRIPTION
Extent 215გვ.20სმ.ილ.
300 ## - PHYSICAL DESCRIPTION
Accompanying material პირთა საძიებ.გვ.210-215
653 ## - INDEX TERM--UNCONTROLLED
Uncontrolled term ზიგმუნდ ფროიდი
653 ## - INDEX TERM--UNCONTROLLED
Uncontrolled term ილუსტრირებული ბიოგრაფია
942 ## - ADDED ENTRY ELEMENTS (KOHA)
Koha item type წიგნი
ეგზემპლარები
Withdrawn status Lost status Damaged status Not for loan Date acquired Barcode Date last seen Price effective from Koha item type
        2018-12-17 46707 2018-12-17 2018-12-17 წიგნი